| 000 | 00751 a2200169 4500 | ||
|---|---|---|---|
| 999 |
_c5627 _d5627 |
||
| 020 | _a0201610736 (alk. paper) | ||
| 050 | 0 | 0 | _aQA152.2ROC 2001 |
| 100 | 1 |
_aRockswold, Gary K. _eauthor |
|
| 245 | 1 | 0 |
_aIntermediate algebra through modeling and visualization / _cGary Rockswold. |
| 264 |
_aBoston: _bAddison Wesley., _c2001 |
||
| 300 |
_axviii, 673 p. : _bill. (some col.) ; |
||
| 500 | _aIncludes bibliographical references and index. | ||
| 504 | _aIncludes bibliographical references and index. | ||
| 650 | 0 | _aAlgebra. | |
| 942 |
_2lcc _cBK _h152.2 _iROC _kQA |
||